<?xml version="1.0" encoding="UTF-8"?>
<record
    xmlns:xsi="http://www.w3.org/2001/XMLSchema-instance"
    xsi:schemaLocation="http://www.loc.gov/MARC21/slim http://www.loc.gov/standards/marcxml/schema/MARC21slim.xsd"
    xmlns="http://www.loc.gov/MARC21/slim">

  <leader>01502mam a2200289 a 4500</leader>
  <controlfield tag="001">1860183</controlfield>
  <controlfield tag="003">OSt</controlfield>
  <controlfield tag="005">20151026141059.0</controlfield>
  <controlfield tag="008">960719s1995    xxka          000 0 eng d</controlfield>
  <datafield tag="020" ind1=" " ind2=" ">
    <subfield code="a">0582256321 (pbk)</subfield>
  </datafield>
  <datafield tag="020" ind1=" " ind2=" ">
    <subfield code="a">0582244536 (variant)</subfield>
  </datafield>
  <datafield tag="035" ind1=" " ind2=" ">
    <subfield code="a">(OCoLC)33358335</subfield>
  </datafield>
  <datafield tag="035" ind1=" " ind2=" ">
    <subfield code="a">(OCoLC)ocm33358335</subfield>
  </datafield>
  <datafield tag="035" ind1=" " ind2=" ">
    <subfield code="a">(NNC)1860183</subfield>
  </datafield>
  <datafield tag="040" ind1=" " ind2=" ">
    <subfield code="c">PSt</subfield>
    <subfield code="d">OrLoB-B</subfield>
  </datafield>
  <datafield tag="100" ind1="1" ind2=" ">
    <subfield code="a">Hannah, John,</subfield>
    <subfield code="d">1920-</subfield>
  </datafield>
  <datafield tag="245" ind1="1" ind2="0">
    <subfield code="a">Applied mechanics /</subfield>
    <subfield code="c">J. Hannah, M.J. Hillier.</subfield>
  </datafield>
  <datafield tag="250" ind1=" " ind2=" ">
    <subfield code="a">3rd ed.</subfield>
  </datafield>
  <datafield tag="260" ind1=" " ind2=" ">
    <subfield code="a">Harlow :</subfield>
    <subfield code="b">Longman Scientific &amp; Technical,</subfield>
    <subfield code="c">1995.</subfield>
  </datafield>
  <datafield tag="300" ind1=" " ind2=" ">
    <subfield code="a">xiv, 448 p. :</subfield>
    <subfield code="b">ill. ;</subfield>
    <subfield code="c">24 cm.</subfield>
  </datafield>
  <datafield tag="500" ind1=" " ind2=" ">
    <subfield code="a">Previous ed.: 1988.</subfield>
  </datafield>
  <datafield tag="505" ind1="0" ind2="0">
    <subfield code="g">Ch. 1.</subfield>
    <subfield code="t">Statics --</subfield>
    <subfield code="g">Ch. 2.</subfield>
    <subfield code="t">Frameworks --</subfield>
    <subfield code="g">Ch. 3.</subfield>
    <subfield code="t">Friction --</subfield>
    <subfield code="g">Ch. 4.</subfield>
    <subfield code="t">Velocity and Acceleration --</subfield>
    <subfield code="g">Ch. 5.</subfield>
    <subfield code="t">Inertia and Change of Motion --</subfield>
    <subfield code="g">Ch. 6.</subfield>
    <subfield code="t">Motion in a Circle --</subfield>
    <subfield code="g">Ch. 7.</subfield>
    <subfield code="t">Balancing --</subfield>
    <subfield code="g">Ch. 8.</subfield>
    <subfield code="t">Periodic Motion --</subfield>
    <subfield code="g">Ch. 9.</subfield>
    <subfield code="t">Dynamics of Rotation --</subfield>
    <subfield code="g">Ch. 10.</subfield>
    <subfield code="t">Work, Energy and Power --</subfield>
    <subfield code="g">Ch. 11.</subfield>
    <subfield code="t">Impulse and Momentum --</subfield>
    <subfield code="g">Ch. 12.</subfield>
    <subfield code="t">Aircraft and Rockets --</subfield>
    <subfield code="g">Ch. 13.</subfield>
    <subfield code="t">Direct Stress and Strain --</subfield>
    <subfield code="g">Ch. 14.</subfield>
    <subfield code="t">Mechanical Properties of Materials --</subfield>
    <subfield code="g">Ch. 15.</subfield>
    <subfield code="t">Shear and Torsion --</subfield>
    <subfield code="g">Ch. 16.</subfield>
    <subfield code="t">Shear Force and Bending Moment --</subfield>
    <subfield code="g">Ch. 17.</subfield>
    <subfield code="t">Bending of Beams --</subfield>
    <subfield code="g">Ch. 18.</subfield>
    <subfield code="t">Combined Bending and Direct Stress --</subfield>
    <subfield code="g">Ch. 19.</subfield>
    <subfield code="t">Fluid at Rest --</subfield>
    <subfield code="g">Ch. 20.</subfield>
    <subfield code="t">Fluid in Motion --</subfield>
    <subfield code="g">Ch. 21.</subfield>
    <subfield code="t">Experimental Errors and the Adjustment of Data.</subfield>
  </datafield>
  <datafield tag="650" ind1=" " ind2="0">
    <subfield code="a">Mechanics, Applied.</subfield>
  </datafield>
  <datafield tag="700" ind1="1" ind2=" ">
    <subfield code="a">Hillier, M. J.</subfield>
    <subfield code="q">(Marcus Jeans)</subfield>
  </datafield>
  <datafield tag="900" ind1=" " ind2=" ">
    <subfield code="b">TOC</subfield>
  </datafield>
  <datafield tag="942" ind1=" " ind2=" ">
    <subfield code="2">lcc</subfield>
    <subfield code="c">BK</subfield>
  </datafield>
  <datafield tag="999" ind1=" " ind2=" ">
    <subfield code="c">250934</subfield>
    <subfield code="d">250934</subfield>
  </datafield>
  <datafield tag="952" ind1=" " ind2=" ">
    <subfield code="0">0</subfield>
    <subfield code="1">0</subfield>
    <subfield code="2">lcc</subfield>
    <subfield code="4">0</subfield>
    <subfield code="7">0</subfield>
    <subfield code="8">FIC</subfield>
    <subfield code="a">40404</subfield>
    <subfield code="b">40404</subfield>
    <subfield code="c">GEN</subfield>
    <subfield code="d">2015-10-26</subfield>
    <subfield code="l">1</subfield>
    <subfield code="p">20088702</subfield>
    <subfield code="r">2019-10-09 00:00:00</subfield>
    <subfield code="s">2019-09-25</subfield>
    <subfield code="w">2015-10-26</subfield>
    <subfield code="y">BK</subfield>
  </datafield>
</record>
